Pla de formació per a tècnics municipals d'educació / Diputació de Barcelona, Àrea d'Educació
Descripción Física:
15 p. ; 21 cm
MARC
| LEADER | 00000nam a2200000Ia 4500 | ||
|---|---|---|---|
| 001 | 14830 | ||
| 008 | 160829s9999 xx 000 0 cat d | ||
| 080 | |a FU-31-26 | ||
| 245 | |a Pla de formació per a tècnics municipals d'educació / Diputació de Barcelona, Àrea d'Educació | ||
| 260 | |a [Barcelona] : |b Diputació de Barcelona, DL 1994 | ||
| 300 | |a 15 p. ; |c 21 cm | ||
| 650 | |a Pla de Formació per a Tècnics Municipals d'Educació |9 31512 | ||
| 650 | 0 | |a Educació d'adults |9 31513 | |
| 650 | 0 | |a Educació permanent |9 31514 | |
| 710 | |a Barcelona (Catalunya : Província). |b Àrea d'Educació |9 8009 | ||
| 901 | |a Arxiu | ||
| 942 | |n 1 | ||
| 952 | |0 0 |1 0 |4 0 |6 FU3126 |7 1 |9 45646 |a Arxiu |b Arxiu |d 2016-12-01 |l 0 |o FU-31-26 |p 14830 |r 2016-12-01 00:00:00 |w 2016-12-01 |y ARXIU | ||
| 999 | |c 49146 |d 49146 | ||